| 000 | 00456nam a2200181Ia 4500 | ||
|---|---|---|---|
| 008 | 180207s9999 xx 000 0 und d | ||
| 020 | _a9781846865343 | ||
| 050 | _bB631 2002 | ||
| 100 | _aBlackstone, Stella | ||
| 245 | _aHow loud is a lion? / | ||
| 245 | _cby Stella Blackstone and Clare Beaton. | ||
| 260 | _aNew York : | ||
| 260 | _bScholastic, | ||
| 260 | _c2002 | ||
| 300 | _aunpaged : | ||
| 300 | _bcolor illustrations ; | ||
| 300 | _c24cm. | ||
| 999 |
_c355845 _d355845 |
||